Metodologies i didàctiques en la formació de persones adultes /

Uloženo v:
Podrobná bibliografie
Korporativní autor: Jornades Metodologies i Didàctiques en la FPA ( Xàtiva, Valencia, España)
Další autoři: Aparicio, Pep (edición) (edición)
Médium: Konferenční příspěvek Kniha
Jazyk:katalánština
Vydáno: Valencia, España : L'Ullal Edicions : TAREPA, 1998, c1998
Edice:(Plecs de Notes ; 1)
Témata:
Tagy: Přidat tag
Žádné tagy, Buďte první, kdo vytvoří štítek k tomuto záznamu!

MARC

LEADER 00000nam^a2200000^a^4500
001 000393037
005 20250521000000.0
009 20260310121258.921
020 |a 84-605-8166-7 
037 |a Acervo ITESO - Biblioteca 
041 |a CAT 
082 |a 374. 13  |b JOR 1997 
111 |a Jornades Metodologies i Didàctiques en la FPA (  |n 3a :  |d 1997 :  |c Xàtiva, Valencia, España) 
245 1 0 |a Metodologies i didàctiques en la formació de persones adultes /  |c Ed. de P. Aparicio. 
264 4 |a Valencia, España :  |b L'Ullal Edicions :  |b TAREPA,  |c 1998, c1998 
300 |a 173 p. 
336 |a texto  |b txt  |2 rdacontenido 
337 |a sin mediación  |b n  |2 rdamedio 
338 |a volumen  |b nc  |2 rdasoporte 
440 1 |a (Plecs de Notes ;  |v 1) 
649 |a XX 
650 |a Currículo 
650 |a Proceso Educativo 
650 |a Evaluación Educativa 
650 |a Calidad de la Educación 
650 |a Participación Social 
650 |a Apoyos Didácticos 
650 |a Formación y Capacitación Laboral 
650 |a Didáctica -  |x Tema Principal 
650 |a Metodología Educativa -  |x Tema Principal 
650 |a Educación de Adultos -  |x Congresos 
650 |a Educación de Adultos -  |z España -  |x Tema Principal 
650 |a Educación y Promoción Popular 
700 |a Aparicio, Pep  |e (edición) 
910 |a Fondo Carlos Núñez Hurtado 
920 |a Impresos - Libros 
930 |a Fondos Especiales 
905 |a 117 
901 |a 0500287823  |b IT2  |c ESP  |i D79976  |u 20250521 
902 |a https://opac.biblio.iteso.mx/vufind/Record/000393037